Normal view
MARC view
- تاريخ- المغرب- الاندلس- التاريخ الاسلامي
Entry Topical Term
001 - CONTROL NUMBER
- control field: 60161
003 - CONTROL NUMBER IDENTIFIER
- control field: JO-AjAnu
005 - DATE AND TIME OF LATEST TRANSACTION
- control field: 20230606083831.0
008 - FIXED-LENGTH DATA ELEMENTS
- fixed length control field: 230606|| aca||aabn | a|a d
040 ## - CATALOGING SOURCE
- Original cataloging agency: JO-AjAnu
- Transcribing agency: JO-AjAnu
150 ## - HEADING--TOPICAL TERM
- Topical term or geographic name entry element: تاريخ- المغرب- الاندلس- التاريخ الاسلامي
670 ## - SOURCE DATA FOUND
- Source citation: Work cat.: (JO-AjAnu)30681: رمضان، عبد المحسن طه, author 60160, تاريخ المغرب وألأندلس من الفتح حتى سقوط غرناطة